Barbarism and religion

In this first volume, The Enlightenments of Edward Gibbon, John Pocock follows Gibbon through his youthful exile in Switzerland and his criticisms of the Encyclopédie and traces the growth of his historical interests down to the conception of the Decline and Fall itself

Uloženo v:
Podrobná bibliografie
Hlavní autor: Pocock, J. G. A.
Médium: Kniha
Jazyk:Undetermined
Vydáno: Cambridge, U.K.,New York, NY, USA Cambridge University Press 1999
Témata:
Tagy: Přidat tag
Žádné tagy, Buďte první, kdo otaguje tento záznam!
Thư viện lưu trữ: Trung tâm Học liệu Trường Đại học Cần Thơ
LEADER 00878nam a2200217Ia 4500
001 CTU_167324
008 210402s9999 xx 000 0 und d
020 |c 33.99 
082 |a 937.06092 
082 |b P741/Vol.1 
100 |a Pocock, J. G. A. 
245 0 |a Barbarism and religion 
245 0 |c J.G.A. Pocock 
260 |a Cambridge, U.K.,New York, NY, USA 
260 |b Cambridge University Press 
260 |c 1999 
520 |a In this first volume, The Enlightenments of Edward Gibbon, John Pocock follows Gibbon through his youthful exile in Switzerland and his criticisms of the Encyclopédie and traces the growth of his historical interests down to the conception of the Decline and Fall itself 
650 |a Enlightenment,Giác ngộ tôn giáo 
650 |z Great Britain 
910 |a Nguyên 
980 |a Trung tâm Học liệu Trường Đại học Cần Thơ